Statistics for Number Pyramid Puzzle - Addition #3

Click here to take the quiz!

General Stats

  • This quiz has been taken 65 times
  • The average score is 15 of 15

Answer Stats

Brick Answer % Correct
1A20
100%
1B14
100%
1C11
100%
1D20
100%
1E27
100%
2A34
100%
2B25
100%
2C31
100%
2D47
100%
3A59
100%
3B56
100%
3C78
100%
4A115
94%
4B134
91%
5249
81%

Score Distribution

Percentile by Number Answered

Percent of People with Each Score

Your Score History

You have not taken this quiz